Представление документа в формате MARC21

Поле Инд. ПП Название Значение
Тип записи a
Библиографический уровень a
001 Контрольный номер 8a00e8ea56b04ae18f5604e3a63a954c
005 Дата корректировки 20151210104835.6
020 a ISBN 978-5-903927-23-4
040 a Служба первич. каталог. НБ ТвГУ
b Код языка каталог. rus
e Правила каталог. PSBO
041 0_ a Код языка текста rus
097 b Оператор batjaeva_g
100 1_ a Автор Немова Людмила Алексеевна
q Полное имя Немова Л. А.
245 10 a Заглавие Канада: курс на диверсификацию внешнеполитических связей
260 a Место издания Москва
b Издательство Идея-Пресс
504 a Библиография Библиогр. в подстроч. примеч.
520 0_ a Аннотация В 2014 году вновь не оправдались надежды на устойчивый подъем в экономике, хотя темпы ее роста в Канаде были заметно выше, чем в большинстве ведущих рыночных стран. Вопреки ожиданиям, так и не вернулся к докризисному уровню объем канадского экспорта в США. В экономическом отношении двух стран возникли некоторые серьезные конфликты.
653 0_ a Ключевые слова Политическая ситуация в Канаде
a Ключевые слова Экономика Канады
a Ключевые слова Диверсификация внешнеэкономических связей
a Ключевые слова Отношения между Канадой и Россией
773 18 w Контрольный № источника b4af36c863064c599b575333bbb4ae52
t Название источника Год планеты: экономика, политика, безопасность
d Место и дата издания Москва : Идея-Пресс, 2014
g Прочая информация Вып. 2014 г. - С. 326-340
901 t Тип документа a
920 a Оператор Батя